000 00517cam a22002057a 4500
001 000274
003 armpunfd
005 20140612090605.0
008 011019e1986####xx#a##########000#0#und#d
040 _aarmpunfd
_carmpunfd
080 _a347.44 R 358
100 1 0 _a Riccio, Jorge A.
245 1 0 _aLocaciones urbanas : ley 23091
260 _a Buenos Aires
_b Depalma
_c1986
300 _a236 p.
650 7 _a Contratos
_2LEMB
650 7 _a Locacion
_2LEMB
942 _cLB
_2cdu
945 _aCatalis
_d2010-08-19
999 _c272
_d230776